00457nam a2200181 a 4500001001300000003000900013005001700022008004100039020001200080082001500092100002400107245003600131260003000167300000800197500003500205505001700240650001800257nice12345678IN_TiNIC20260116011716.0050524s1972 leia grp 000 0 eng  ac174.200a297.4bABD aSalah, Abd Al Sabur aMurder in Baghdadb Arabic Play aLeidenbE. J. Brillc1972 a76p aincludes index and biblioraphy2 aBibliography aSufism-Hallaj